| 000 | 00465cam a2200181ua 4500 | ||
|---|---|---|---|
| 001 | 2732 | ||
| 008 | 110907n ii |||gr||||Z||||||asm | ||
| 040 | _cMAIN | ||
| 082 | _a891.4512 | ||
| 100 | 1 | _aGoswami, Narayan Chandra, | |
| 245 | 1 | 1 |
_aAngkia natakavali _ced. by Narayan Chandra Goswami |
| 250 | _a1st. | ||
| 260 |
_aDibrugarh: _bKaustabh Prakashan, _c2010. |
||
| 300 |
_a233p: _c23cm. |
||
| 653 | _aAssamese drama | ||
| 653 | _aAngkia natakavali | ||
| 942 | _cBK | ||
| 999 |
_c2581 _d2581 |
||